All Animus Dragons in Wings of Fire - Statistics

General Stats
  • This quiz has been taken 45 times
  • The average score is 11 of 14
Answer Stats
Hint Answer One animus-touched object they have enchanted % Correct
Nightwing-Icewing Darkstalker Scroll containing all of his animus magic
100%
Seawing Fathom Clearsight's copper bracelet
100%
Seawing Turtle Healing Rock
97%
Seawing Albatross The Seawings' Summer Palace
94%
Seawing Anemone Weather Bracelets
94%
Seawing Orca Statue of herself in royal hatchery
94%
Icewing Arctic Earring that makes any dragon wear it feel the perfect temperature
91%
Sandwing Jerboa Eye of Onyx
91%
Sandwing Jerboa II None
91%
Nightwing Stonemover Magic tunnels that lead from the rainforest to the Kingdom of Sand and from the rainforest to the Kingdom of Night
88%
Icewing Diamond The Icewings' gift of Healing (five narwhal tusks that allow to heal a frostbite wound.
70%
Icewing Penguin The Icewings' gift of Diplomacy (a dome that has a warm temperature for meetings with the foreign tribes)
55%
Icewing Opal The Icewings' gift of Vision (Ring which shows visions of other dragons)
45%
Icewing Frostbite The Icewings' gift of Light (Moon Globe Tree)
27%
No matching quizzes found
Score Distribution
Percent of People with Each Score
Percentile by Number Answered
Your Score History
You have not taken this quiz